000 00285nam a22001337a 4500
003 SGT
020 _a9789353160500
100 _aRAO,P.N.
245 _aMANUFACTRING TECHNOLOGY
250 _a4th
260 _aCHENNAI
_bMC GRAW HILL EDUCATION
_c2023
300 _a1.14
942 _2ddc
_cBK
999 _c25809
_d25809